SNL Guests with Most Appearences - Statistics

General Stats
  • This quiz has been taken 128 times
  • The average score is 8 of 24
Answer Stats
Total Appearences (As host) First Appearence Most Recent Appearence Name % Correct
17 1990 2017 Alec Baldwin
75%
16 1976 2022 Steve Martin
69%
6 2008 2018 Tina Fey
63%
5 2008 2021 Paul Rudd
52%
5 2013 2024 Kristen Wiig
46%
10 1985 2020 Tom Hanks
42%
8 1978 1997 Chevy Chase
40%
5 2005 2019 Will Ferrell
38%
5 1981 1999 Bill Murray
35%
5 2011 2017 Melissa McCarthy
35%
5 1975 1990 Candice Bergen
33%
6 2006 2019 Scarlett Johansson
31%
13 1989 2013 John Goodman
29%
5 2018 2022 John Mulaney
29%
6 1976 1980 Elliott Gould
27%
6 1982 2009 Drew Barrymore
23%
6 1986 1999 Danny DeVito
21%
5 2010 2023 Emma Stone
19%
7 1990 2008 Christopher Walken
17%
5 2000 2017 Dwayne Johnson
15%
10 1976 1980 Buck Henry
10%
5 2008 2018 Jonah Hill
8%
5 2000 2013 Ben Affleck
4%
5 1989 2023 Woody Harrelson
4%
No matching quizzes found
Score Distribution
Percent of People with Each Score
Percentile by Number Answered
Your Score History
You have not taken this quiz